000 01020nam a2200229Ia 4500
001 17324
005 20260330151347.0
008 260306s9999||||xx |||||||||||||| ||und||
041 _aESP
082 _a657.61
_bV19
100 _aValdivia Asenjo, Jefferson
_eAUT
245 0 _aNIIF para PYMES:
_bingresos y gastos: NIIF para PYMES: activo y pasivo
260 _c2022
300 _a64 páginas :
_c24 cm.
650 _aGEN
654 _aCCO
856 _uhttps://itmsp.museknowledge.com/UCSP?url=https://www.ebooks7-24.com:443/?il=5661&pg=1
_zVéase además: Entendiendo el estándar NIIF para pymes, por Samuel Alberto Mantilla Blanco. Versión digital
856 _uhttps://0u213up5l-y-https-ebooks7--24-com.itmsp.museknowledge.com/biblioteca.aspx
_zVéase además: Base de datos Ebook7-24
856 _uhttps://www.legismovil.pe/lnp.asp
_zVéase además: Base de datos Legis Móvil
856 _uhttps://legal.legis.com.pe/home/Corporativo
_zVéase además: Base de datos Multilegis
942 _cLIB
_dJUS
_fJUS
_2ddc
999 _c17324
_d17324